000 00638nam a2200241Ia 4500
003 OSt
005 20220912151544.0
006 a|||||r|||| 00| 0
007 ta
008 220909b |||||||| |||| 00| 0 eng d
024 _a30903
037 _cTextual
040 _aCSL
_beng
_cCSL
041 _aeng
082 _aY74475R, M9
100 _aRaha Manis Kumar
245 0 _aMatriliny to Patriliny: A study of the Radha Society
260 _aNew Delhi
_b Gian Pub
_c1989
300 _a373p.
_ccm.
650 _aanthropology
942 _hY74475R, M9
_cTEXL
_2CC
999 _c71241
_d71241